000 00256nam a2200109Ia 4500
008 190216s9999||||xx |||||||||||||| ||und||
100 _aNarayanan
245 0 _aDifferential Equations
260 _bViswanathan Pvt.Ltd
650 _aMathematics
942 _cBK
999 _c30570
_d30570